000 00887nam a22002415i 4500
001 156193
003 ES-MaACL
005 20250911063558.0
008 941221s1855 sp |||| | spa d
040 _aCLM
_bspa
080 _a336.01
100 1 _aJakob, Ludwig Heinrich von,
_d1759-1827
_9140344
245 1 0 _aCiencia de la hacienda pública
_b: demostrada teórica y prácticamente y explicada con los ejemplos de la historia rentística moderna de los Estados de Europa /
_cobra escrita en alemán por Mr. de Jacob.
260 _aMadrid :
_b[s.n],
_c1855 (
_fImprenta Nacional)
300 _a601, IV p. ;
_c24 cm.
597 _aAntep.
597 _aPort. con esc. xil.
650 7 _aHacienda pública
_2embne
_913279
852 _aES-MaACL
_jE-13097
_z-- Enc. hol.
852 _aES-MaACL
_jG-10655
_z-- Enc. hol.
999 _c156193
_d156193